000 00805cam a2200205 i 4500
005 20260121140507.0
008 250721s2024 ua gr 000 0 ara d
020 _a9789778684407
082 1 4 _a343.082
_bف ق ي
100 1 _aالفقي، فتحي
_eمؤلف.
245 1 2 _aالاعلان المستهدف عبر المواقع والتطبيقات الالكترونية /
_cدكتور فتحي محمد عبدالسلام الفقي.
250 _aالطبعة الأولى.
264 3 1 _aالاسكندرية :
_bمؤسسة المعرفة للنشر وتوزيع الكتب،
_c2024.
300 _a282 صفحة.
650 1 7 _aالقانون.
650 1 7 _aالاعلان.
650 1 7 _aتكنولوجيا المعلومات.
942 _2ddc
_cBK
999 _c146345
_d146345